| Tag |
First Indicator |
Second Indicator |
Subfields |
| LEADER |
00000cam a2200000 a 4500 |
| 001 |
in00000013930 |
| 005 |
20151007052111.0 |
| 008 |
870611s1986 caua 00010 eng |
| 010 |
|
|
|a 87147910
|
| 020 |
|
|
|a 0941816257 (pbk.)
|
| 035 |
|
|
|a (OCoLC)15003606
|
| 035 |
|
|
|9 AAA6276AM
|
| 040 |
|
|
|a DLC
|c DLC
|d GQG
|d WQM
|d XBM
|d TXA
|d UtOrBLW
|
| 049 |
|
|
|a TXAM
|c [A11046993]
|
| 050 |
0 |
0 |
|a RC607.A26
|b Q32 1986
|
| 060 |
1 |
0 |
|a WD 308 Q1t 1986
|
| 082 |
0 |
|
|a 362.1/969792
|2 19
|
| 100 |
1 |
|
|a Quackenbush, Marcia.
|
| 245 |
1 |
0 |
|a Teaching AIDS :
|b a resource guide on acquired immune deficiency syndrome /
|c Marcia Quackenbush and Pamela Sargent.
|
| 264 |
|
1 |
|a Santa Cruz, CA :
|b Network Publications,
|c 1986.
|
| 300 |
|
|
|a ii, 124 pages :
|b illustrations ;
|c 28 cm.
|
| 336 |
|
|
|a text
|b txt
|2 rdacontent
|
| 337 |
|
|
|a unmediated
|b n
|2 rdamedia
|
| 338 |
|
|
|a volume
|b nc
|2 rdacarrier
|
| 650 |
|
0 |
|a AIDS (Disease)
|x Study and teaching.
|
| 700 |
1 |
|
|a Sargent, Pamela
|q (Pamela A.)
|
| 999 |
|
|
|a MARS
|
| 999 |
f |
f |
|s 8c89b32e-e2bd-3fec-b061-8ca228ed4843
|i dea4d6ed-0f03-3089-be58-aadf64821c4b
|t 0
|
| 952 |
f |
f |
|p ric
|a Texas A&M University
|b Rellis Campus
|c Joint Library Facility
|d Remote Storage
|t 0
|e RC607.A26 Q32 1986
|h Library of Congress classification
|i unmediated -- volume
|m A14811046993
|
| 998 |
f |
f |
|a RC607.A26 Q32 1986
|t 0
|l Remote Storage
|